[Event "Kaluga Tsiolkovsky Memorial op"]
[Site "Kaluga"]
[Date "2016.08.10"]
[Round "5"]
[White "Danielian, Artem"]
[Black "Sadkovkin, Alexander"]
[Result "0-1"]
[WhiteElo "1295"]
[BlackElo "1585"]
[PlyCount "70"]
[EventDate "2016.08.06"]
[EventType "swiss"]
[EventRounds "9"]
[EventCountry "RUS"]
[SourceTitle "CBM 174 Extra"]
[Source "ChessBase"]
[SourceDate "2016.10.10"]
[SourceVersion "1"]
[SourceVersionDate "2016.10.10"]
[SourceQuality "1"]

1. e4 e5 2. Nf3 Nc6 3. Nc3 Nf6 4. Bc4 Bc5 5. 0-0 d6 6. h3 h6 7. d3 0-0 8. Bd2 Be6 9. Bxe6 fxe6 10. Nh4 Qe8 11. Na4 Bb6 12. Nxb6 axb6 13. b4 Kh7 14. a4 Ne7 15. b5 Ng6 16. Nf3 Ra7 17. c4 Qf7 18. Be3 Nd7 19. Qd2 Rfa8 20. Qc2 Nf4 21. Bxf4 Qxf4 22. Ra3 Nc5 23. Rfa1 Rf8 24. d4 exd4 25. Nxd4 Qe5 26. Nf3 Qxe4 27. Qxe4+ Nxe4 28. Re1 Nc5 29. Nd4 e5 30. Nf3 Rxa4 31. Rxa4 Nxa4 32. Ra1 Nc5 33. Ra7 Rf4 34. Nd2 Rd4 35. Nf3 Rxc4 0-1

[Event "Kaluga Tsiolkovsky Memorial op"]
[Site "Kaluga"]
[Date "2016.08.07"]
[Round "2"]
[White "Sadkovkin, Alexander"]
[Black "Zaitsev, Aleksey Vik"]
[Result "1/2-1/2"]
[WhiteElo "1585"]
[BlackElo "1832"]
[PlyCount "69"]
[EventDate "2016.08.06"]
[EventType "swiss"]
[EventRounds "9"]
[EventCountry "RUS"]
[SourceTitle "CBM 174 Extra"]
[Source "ChessBase"]
[SourceDate "2016.10.10"]
[SourceVersion "1"]
[SourceVersionDate "2016.10.10"]
[SourceQuality "1"]

1. d4 Nf6 2. c4 g6 3. Nc3 Bg7 4. Nf3 d6 5. Bf4 0-0 6. e3 b6 7. Be2 Bb7 8. 0-0 Nh5 9. Bg3 Nxg3 10. hxg3 Nd7 11. Nd2 f5 12. Bf3 Bxf3 13. Qxf3 c5 14. Nb3 Kh8 15. Nd5 Nf6 16. Nxf6 Bxf6 17. Kh2 Qc7 18. Rac1 Rad8 19. Rh1 e5 20. dxc5 dxc5 21. Rhd1 e4 22. Qe2 Qe5 23. Rc2 h5 24. Rxd8 Rxd8 25. Nd2 h4 26. Nf1 Kg7 27. Kh1 Rd3 28. b3 Qa1 29. gxh4 Bxh4 30. g3 Bf6 31. Rd2 Qc3 32. Rxd3 Qxd3 33. Qxd3 exd3 34. f3 Be5 35. Kg2 1/2-1/2